Microeconomic theory / (Record no. 4791)

MARC details
000 -LEADER
fixed length control field 00731nac a22002051u 4500
010 ## - LIBRARY OF CONGRESS CONTROL NUMBER
LC control number 94040073
020 ## - INTERNATIONAL STANDARD BOOK NUMBER
International Standard Book Number 0070493138 (recycled paper)
020 ## - INTERNATIONAL STANDARD BOOK NUMBER
International Standard Book Number 0071134654 :
082 00 - DEWEY DECIMAL CLASSIFICATION NUMBER
Classification number 338.5
Item number L9488
090 ## - LOCALLY ASSIGNED LC-TYPE CALL NUMBER (OCLC); LOCAL CALL NUMBER (OCLC)
-- 4791
-- 4791
100 ## - MAIN ENTRY--PERSONAL NAME
Personal name Luenberger, David G.,
245 10 - TITLE STATEMENT
Title Microeconomic theory /
Statement of responsibility, etc David G. Luenberger.
250 ## - EDITION STATEMENT
Edition statement International ed.
260 ## - PUBLICATION, DISTRIBUTION, ETC. (IMPRINT)
Place of publication, distribution, etc New York :
Name of publisher, distributor, etc McGraw-Hill,c1995.
Date of publication, distribution, etc c1995.
300 ## - PHYSICAL DESCRIPTION
Extent xviii, 486 p. :
Other physical details ill. ;
Dimensions 25 cm.
504 ## - BIBLIOGRAPHY, ETC. NOTE
Bibliography, etc Includes bibliographical references (p. 469-477) and index.
650 #0 - SUBJECT ADDED ENTRY--TOPICAL TERM
Topical term or geographic name as entry element Microeconomics.
942 ## - ADDED ENTRY ELEMENTS (KOHA)
Item type Book - Borrowing
Call number prefix 338.5L9488
Holdings
Withdrawn status Item status Damaged status Not for loan Home library Current library Shelving location Date acquired Source of acquisition Total Checkouts Full call number Barcode Date last seen Koha item type
        Central Library Central Library First floor 19/09/2007 Purchase   338.5 LUE 000005827 15/07/2025 Book - Borrowing